[Event "AUTO-MASTER-3033"]
[Site "http://www.queenalice.com/game.php?id=1646172"]
[Date "2021.3.9"]
[Round "1"]
[White "arniecoruja"]
[Black "Pistolero"]
[Result "0-1"]
[WhiteElo "1909"]
[BlackElo "2057"]

1. d4 Nf6 2. e3 d5 3. Bd3 e6 4. Nd2 c5 5. c3 Nc6 6. f4 b6 7. Ngf3 Bb7 8. Ne5
Nxe5 9. fxe5 Ne4 10. O-O f5 11. exf6 Nxf6 12. Nf3 c4 13. Bc2 Bd6 14. Ne5 Qc7 15.
Ng4 Nxg4 16. Qxg4 Bxh2+ 17. Kf2 O-O-O 18. Qxe6+ Kb8 19. Ke2 Bc8 20. Qf7 Bg4+ 21.
Kd2 Rd7 22. Qf2 Bg3 23. Qg1 Rf7 24. Bd1 Bxd1 25. Kxd1 Rhf8 26. Rxf7 Qxf7 27. Bd2
Qf1+ 28. Kc2 Qd3+ 29. Kd1 Rf1+ 30. Qxf1 Qxf1+ 0-1

[Event "AUTO-MASTER-3033"]
[Site "http://www.queenalice.com/game.php?id=1646173"]
[Date "2021.3.9"]
[Round "1"]
[White "Pistolero"]
[Black "JailtonMaster"]
[Result "0-1"]
[WhiteElo "2024"]
[BlackElo "1882"]

1. e4 c5 2. d4 cxd4 3. c3 dxc3 4. Nxc3 Nc6 5. Nf3 e5 6. Bc4 h6 7. O-O Nf6 8. Qe2
a6 9. Rd1 b5 10. Bd5 Bb7 11. Bxc6 Bxc6 12. Nxe5 Bb7 13. Bf4 Be7 14. Ng4 Nxg4 15.
Qxg4 Bg5 0-1

[Event "AUTO-MASTER-3033"]
[Site "http://www.queenalice.com/game.php?id=1646174"]
[Date "2021.3.9"]
[Round "1"]
[White "JailtonMaster"]
[Black "Pistolero"]
[Result "0-1"]
[WhiteElo "1845"]
[BlackElo "2018"]

1. e4 c5 2. Nf3 Nc6 3. d4 cxd4 4. Nxd4 Nf6 5. Nc3 e5 6. Nb3 Bb4 7. Qd3 d5 8.
exd5 Nxd5 9. Bd2 Be6 10. O-O-O Nxc3 11. Bxc3 O-O 12. Qxd8 Rfxd8 13. Bxb4 Rxd1+
14. Kxd1 Nxb4 15. a3 Rd8+ 16. Kc1 Nxc2 17. Kxc2 Rc8+ 18. Kd2 Bxb3 19. Bd3 f6 20.
g3 Rd8 0-1

[Event "AUTO-ADV-4337"]
[Site "http://www.queenalice.com/game.php?id=1647911"]
[Date "2021.3.27"]
[Round "2"]
[White "jlpbarreto"]
[Black "Pistolero"]
[Result "0-1"]
[WhiteElo "2087"]
[BlackElo "2027"]

1. e4 c5 2. c3 d5 3. exd5 Qxd5 4. d4 cxd4 5. cxd4 Nc6 6. Nf3 Bg4 7. Nc3 Bxf3 8.
Nxd5 Bxd1 9. Kxd1 O-O-O 10. Nc3 Nxd4 11. Bd2 e5 12. Nb5 Nxb5 13. Bxb5 Bb4 14.
Rc1+ Kb8 15. Rc2 Nf6 16. f3 Rd5 17. a3 Bxd2 0-1

[Event "AUTO-ADV-4337"]
[Site "http://www.queenalice.com/game.php?id=1647912"]
[Date "2021.3.27"]
[Round "2"]
[White "Pistolero"]
[Black "jlpbarreto"]
[Result "0-1"]
[WhiteElo "2028"]
[BlackElo "2104"]

1. e4 c5 2. d4 cxd4 3. c3 d3 4. Bxd3 g6 5. f4 Bg7 6. Nf3 Nc6 7. O-O Nf6 8. Na3
d6 9. Be3 O-O 10. Qe2 Bd7 11. h3 a6 12. Rad1 b5 13. Bb1 Rc8 14. Qf2 Qc7 15. Rfe1
Qb7 16. Nd4 Rfe8 17. Bc1 Nxd4 18. Rxd4 e5 19. Rxd6 exf4 20. e5 Nh5 21. Be4 Bc6
22. Bxc6 Rxc6 23. Qf3 Rec8 24. Nc2 Qa8 25. Rxc6 Qxc6 26. Qxc6 Rxc6 27. Nd4 Rc8
28. e6 fxe6 29. Nxe6 Re8 30. Kf1 Rc8 31. Nxg7 Kxg7 32. Kf2 g5 33. Kf3 Kf6 34.
Kg4 Ng7 35. Re4 Rd8 36. Rd4 Re8 0-1

[Event "AUTO-MASTER-3047"]
[Site "http://www.queenalice.com/game.php?id=1760898"]
[Date "2021.5.29"]
[Round "1"]
[White "Buuuu"]
[Black "Pistolero"]
[Result "0-1"]
[WhiteElo "2192"]
[BlackElo "2043"]

1. e4 c5 2. Nf3 Nc6 3. d4 cxd4 4. Nxd4 Nf6 5. Nc3 e5 6. Ndb5 d6 7. Bg5 a6 8. Na3
b5 9. Bxf6 gxf6 10. Nd5 f5 11. Bd3 Be6 12. O-O Bg7 13. c3 O-O 14. Qh5 fxe4 15.
Bxe4 f5 16. Nf4 exf4 17. Bxc6 Ra7 18. Nc2 Qb6 19. Qf3 Be5 20. Bd5 Bxd5 21. Qxd5+
Kh8 22. Rfe1 Rg7 23. Rad1 Rfg8 24. Re2 Rxg2+ 25. Qxg2 Qb7 26. Qxg8+ Kxg8 27. Nb4
f3 28. Re3 Qg7+ 29. Kf1 Qg2+ 30. Ke1 Qg1+ 31. Kd2 Qxf2+ 32. Kd3 Qxb2 0-1

[Event "AUTO-MASTER-3047"]
[Site "http://www.queenalice.com/game.php?id=1760899"]
[Date "2021.5.29"]
[Round "1"]
[White "Pistolero"]
[Black "Buuuu"]
[Result "0-1"]
[WhiteElo "2035"]
[BlackElo "2184"]

1. e4 c6 2. d4 d5 3. Nd2 dxe4 4. Nxe4 Bf5 5. Ng3 Bg6 6. Nf3 Nd7 7. h4 h6 8. h5
Bh7 9. Bd3 Bxd3 10. Qxd3 Ngf6 11. Bd2 e6 12. O-O-O Qc7 13. c4 O-O-O 14. Bc3 c5
15. Ne4 Qf4+ 16. Nfd2 cxd4 17. Bxd4 Nc5 18. Nxc5 Bxc5 19. Qe3 Qxd4 0-1

[Event "AUTO-MASTER-3047"]
[Site "http://www.queenalice.com/game.php?id=1760924"]
[Date "2021.5.29"]
[Round "1"]
[White "chessman"]
[Black "Pistolero"]
[Result "0-1"]
[WhiteElo "1897"]
[BlackElo "2045"]

1. e4 c5 2. Nf3 Nc6 3. Bb5 Nd4 4. c3 Nxb5 5. O-O d5 6. exd5 Qxd5 7. d4 cxd4 8.
cxd4 Bg4 9. Nc3 Nxc3 10. bxc3 Bxf3 11. Qxf3 Qxf3 12. gxf3 Nf6 13. Ba3 e6 14.
Bxf8 Rxf8 15. Rac1 Ke7 16. Rfe1 Rac8 17. Kg2 Rfd8 18. h3 Rc4 0-1

[Event "AUTO-MASTER-3047"]
[Site "http://www.queenalice.com/game.php?id=1760925"]
[Date "2021.5.29"]
[Round "1"]
[White "Pistolero"]
[Black "chessman"]
[Result "0-1"]
[WhiteElo "2067"]
[BlackElo "2111"]

1. e4 e6 2. d4 d5 3. Nd2 dxe4 4. Nxe4 Nd7 5. Nf3 Ngf6 6. Bd3 Nxe4 7. Bxe4 Nf6 8.
Bd3 Be7 9. O-O O-O 10. c3 c5 11. Qc2 cxd4 12. Nxd4 h6 13. Bf4 a6 14. Rad1 Bd6
15. Nxe6 Bxe6 16. Bxd6 Re8 17. Rfe1 Qc8 18. Re3 Bc4 19. Rxe8+ Nxe8 20. Be5 Be6
21. Be4 Nc7 22. Rd3 Ne8 23. Rg3 Qd7 0-1

[Event "AUTO-MASTER-2953"]
[Site "http://www.queenalice.com/game.php?id=1764377"]
[Date "2021.7.15"]
[Round "2"]
[White "CCapivara"]
[Black "Pistolero"]
[Result "0-1"]
[WhiteElo "2161"]
[BlackElo "2061"]

1. e4 c5 2. Nf3 Nc6 3. d4 cxd4 4. Nxd4 Nf6 5. Nc3 e5 6. Ndb5 d6 7. Bg5 Be7 8.
Bxf6 gxf6 9. Nd5 O-O 10. Nbc7 Rb8 11. Nxe7+ Nxe7 12. Nd5 Nxd5 13. Qxd5 Be6 14.
Qd2 d5 15. exd5 Qxd5 16. Qxd5 Bxd5 17. O-O-O Rfd8 18. f3 Kf8 19. Bd3 h6 20. Rd2
Ke7 21. Rhd1 Rbc8 22. Be2 Be6 23. Rxd8 Rxd8 24. Rxd8 Kxd8 25. Kd2 Kc7 26. c4 Kc6
27. Kc3 f5 28. b4 f4 29. Bd3 b6 30. a4 a5 31. bxa5 bxa5 32. Be4+ Kc5 33. Bc2
Bxc4 34. Be4 Be2 35. g3 fxg3 36. hxg3 Bd1 37. g4 Bxa4 0-1

[Event "AUTO-MASTER-2953"]
[Site "http://www.queenalice.com/game.php?id=1764378"]
[Date "2021.7.15"]
[Round "2"]
[White "Pistolero"]
[Black "CCapivara"]
[Result "0-1"]
[WhiteElo "2053"]
[BlackElo "2193"]

1. e4 d6 2. d4 Nf6 3. Nc3 c6 4. Nf3 Bg4 5. Be2 Nbd7 6. O-O e5 7. Bg5 Be7 8. Qd2
O-O 9. Rfe1 Re8 10. dxe5 dxe5 11. Rad1 Qc7 12. Nh4 Bxe2 13. Qxe2 Nc5 14. Nf5 Ne6
0-1

[Event "Challenge"]
[Site "http://www.queenalice.com/game.php?id=1767868"]
[Date "2021.8.26"]
[Round "-"]
[White "Pistolero"]
[Black "JORAM2205"]
[Result "0-1"]
[WhiteElo "2081"]
[BlackElo "2113"]

1. e4 c5 2. d4 cxd4 3. c3 Nf6 4. e5 Nd5 5. Nf3 Nc6 6. cxd4 d6 7. Bc4 dxe5 8.
dxe5 e6 9. O-O Bc5 10. Nbd2 O-O 11. Ne4 Be7 12. Qe2 Qc7 13. Bxd5 exd5 14. Nc3
Rd8 15. Rd1 d4 16. Nb5 Qb6 17. Bg5 Bxg5 18. Nxg5 h6 19. Nf3 Bg4 20. Na3 Bxf3 21.
gxf3 d3 22. Rxd3 Rxd3 23. Qxd3 Qxb2 24. Rb1 Qxa2 25. Rxb7 Nxe5 26. Qe3 Qd5 27.
Rb3 Rd8 0-1

[Event "AUTO-MASTER-3065"]
[Site "http://www.queenalice.com/game.php?id=1770448"]
[Date "2021.9.20"]
[Round "1"]
[White "e4d4sf3"]
[Black "Pistolero"]
[Result "1-0"]
[WhiteElo "2177"]
[BlackElo "2066"]

1. d4 Nf6 2. c4 g6 3. Nc3 Bg7 4. e4 d6 5. f3 O-O 6. Be3 e5 7. d5 c5 8. Qd2 Na6
9. Bh6 Nc7 10. h4 Bd7 11. h5 a6 12. Bxg7 1-0

[Event "AUTO-MASTER-3065"]
[Site "http://www.queenalice.com/game.php?id=1770449"]
[Date "2021.9.20"]
[Round "1"]
[White "Pistolero"]
[Black "maurice91"]
[Result "0-1"]
[WhiteElo "2089"]
[BlackElo "1785"]

1. e4 e6 2. d4 d5 3. Nd2 dxe4 4. Nxe4 Bd7 5. Nf3 Be7 6. Bd3 Bc6 7. O-O Nd7 8.
Qe2 Ngf6 9. b3 O-O 10. Bb2 Nxe4 11. Bxe4 Bxe4 12. Qxe4 c6 13. c4 Bf6 0-1

[Event "AUTO-MASTER-3065"]
[Site "http://www.queenalice.com/game.php?id=1770450"]
[Date "2021.9.20"]
[Round "1"]
[White "maurice91"]
[Black "Pistolero"]
[Result "1-0"]
[WhiteElo "1807"]
[BlackElo "2054"]

1. d4 Nf6 2. c4 g6 3. Nc3 Bg7 4. e3 O-O 5. Nf3 d6 6. Be2 c5 7. d5 Na6 8. a3 Nc7
9. O-O a6 10. e4 Bd7 11. Bg5 Rb8 12. Rb1 b5 13. cxb5 axb5 14. b4 h6 15. bxc5
hxg5 16. Nxg5 dxc5 17. Bf3 Nfe8 18. e5 Bf5 19. Be4 Bxe4 20. Ncxe4 Bxe5 21. Qg4
Kg7 22. f4 Bd4+ 23. Kh1 Nxd5 24. f5 1-0